• 首页
  • 本馆介绍
  • 公告通知
  • 最新文献
  • 馆藏检索
  • 电子资源
  • 读者导购
  • 参考咨询
  • 我的图书馆
  • 登录
  • 详细信息显示
  • 放入我的书架
  • 预约/预借图书
  • 作者相关作品
  • 分类相关作品
  • 丛书相关作品
  • 出版社相关作品

书目信息

  • 表格格式
  • 工作单格式
  • 卡片格式
题名:
高中生物教案与参考资料
    
 
作者: 祁乃成 , 王秀琴 , 吴洁源 编著
分册:  
出版信息: 北京   科学技术文献出版社  1981
页数: 387页
开本: 20cm
丛书名:
单 册:
中图分类: G633.91
科图分类:
主题词: 教育--各级
电子资源:
ISBN:
000 00690nam0 2200217 450
001 0655362609
005 20060808152359.50
010    @dCNY1.10
100    @a20060808d1981 km y0chiy0120 ea
101 0  @achi
102    @aCN@b110000
200 1  @a高中生物教案与参考资料@Agao zhong sheng wu jiao an yu can kao zi liao@f祁乃成,王秀琴,吴洁源编著@Fqi nai cheng,wang xiu qin,wu jie yuan bian zhu
210    @a北京@c科学技术文献出版社@d1981
215    @a387页@d20cm
606 0  @a教育@x各级
690    @aG633.91@v3
701  0 @a祁乃成@Aqi nai cheng@4编著
701  0 @a王秀琴@Awang xiu qin@4编著
701  0 @a吴洁源@Awu jie yuan@4编著
801  0 @aCN@bPFT@c20060808
905    @a10447@dG633.91@e102
    
    高中生物教案与参考资料/祁乃成,王秀琴,吴洁源编著.-北京:科学技术文献出版社,1981
    387页;20cm
    
    
    ISBN :CNY1.10
    
●
相关链接 在E读中查询图书 在五车中查询图书 在当当中查询图书 在豆瓣中查询图书


正题名:高中生物教案与参考资料     索取号:G633.91/102         预约/预借

序号 登录号 条形码 馆藏地/架位号 状态 备注
1 0447377   204473774   密集书库/ [索取号:G633.91/102] 在馆    
唐山师范学院图书馆 欢迎您!
大连网信软件有限公司© 版权所有